Management of business informatics model – principles and practices

Rastúce požiadavky na rozsah a kvalitu riadenia informatiky v podniku vedú k vývoju rôznych metodík, modelov, rámcov a štandardov. Existujúce IT prístupy riadenia a ich obmedzenia predstavujú osvedčené postupy a obsahujú odporúčania riešení rôznych otázok, na ktoré IT v praxi naráža.

Enregistré dans:
Détails bibliographiques
Auteur principal: Voříšek, Jiří
Autres auteurs: Pour, Jan, Buchalcevová, Alena
Format: Chapitre de livre
Langue:anglais
Sujets:
Tags: Ajouter un tag
Pas de tags, Soyez le premier à ajouter un tag!

MARC

LEADER 00000naa a2200000 4500
001 0208273
005 20231207103004.3
041 0 |a eng 
044 |a CZ 
245 1 0 |a Management of business informatics model – principles and practices  |c Jiří Voříšek, Jan Pour, Alena Buchalcevová 
520 |a Rastúce požiadavky na rozsah a kvalitu riadenia informatiky v podniku vedú k vývoju rôznych metodík, modelov, rámcov a štandardov. Existujúce IT prístupy riadenia a ich obmedzenia predstavujú osvedčené postupy a obsahujú odporúčania riešení rôznych otázok, na ktoré IT v praxi naráža. 
610 2 0 |a manažment informačný 
610 2 0 |a zabezpečenie informačné 
610 2 0 |a systémy informačné podnikové 
610 2 0 |a technológie informačné 
610 2 0 |a technológie komunikačné 
610 2 0 |a informatika 
100 1 |a Voříšek, Jiří 
700 1 |a Pour, Jan 
700 1 |a Buchalcevová, Alena